Statystyki dla Sigala - Wszystkie piosenki

Kliknij tutaj aby rozwiązać quiz!

Ogólne statystyki

  • Ten quiz został rozwiązany 2 razy
  • Średni wynik to 11 z 23

Statystyki odpowiedzi

Tytuł piosenki% Poprawnych
Brighter Days
100%
Came Here for Love
100%
Easy Love
100%
Give Me Your Love
100%
Sweet Lovin'
100%
Wish You Well
100%
Ain't Giving Up
50%
Feels Like Home
50%
Just Got Paid
50%
Revival
50%
Runaway
50%
We Don't Care
50%
What You Waiting For
50%
You Don't Know Me
50%
You for Me
50%
All for Love
0%
Don't Need No Money
0%
Heaven On My Mind
0%
Lasting Lover
0%
Say You Do
0%
Show Me Love
0%
Somebody
0%
We Got Love
0%

Rozkład punktacji

Percentyl według liczby udzielonych odpowiedzi

Procent ludzi z każdym wynikiem

Twoja historia wyników

Nie rozwiązałeś tego quizu